000 00762nam a22002537a 4500
003 AR-FvUNAJ
005 20250214143043.0
008 250214b ||||| |||| 00| 0 spa d
020 _a968-23-0555-1
040 _cAR-FvUNAJ
082 _214
_a330.1
100 1 _aHarnecker, Marta
_921149
245 1 3 _aEl Capital :
_bconceptos fundamentales; Manual de Economía Política /
_cMarta Harnecker, I. Lapidus y K. Ostrovitianov
260 _aMexico:
_bSiglo veintiuno editores,
_c1971
300 _a223 p.
440 _921150
_aTeoría
650 4 _aCAPITAL
650 2 7 _aCAPITAL
_2unescot
_98841
650 2 7 _aECONOMIA
_2unescot
650 2 7 _aPOLITICA
_2unescot
700 1 _921151
_aLapidus, I.
700 1 _921152
_aOstrovitianov, K.
942 _2ddc
_cLIBRO
999 _c10679
_d10679
980 _619226
_a Palazón Marcela I.
_819226
_g Palazón Marcela I.